00517nam a2200205 a 4500001001300000003000900013005001700022008004100039020000900080082001600089100002100105245003500126260004200161300000900203500003500212505001000247650001900257650001400276700002100290nice12345678IN_TiNIC20260116012335.0050524s1982 mysa grp 000 0 urd  ac2000a922.97bSAL aSaleem, Tamannai aDana-E-Raaz Dayar-E-Deccan Men aMysorebAnjuman-E-Ishaat-E-Urduc1982 a240p aincludes index and biblioraphy2 aIndex aIqbal Muhammad aHyderabad1 aSaleem, Tamannai